000 00624cam a22002173a 4500
001 38924
003 PGUSA
005 20140828083847.0
008 120218s2012||||xxu|||||s|||||000 | eng d
040 _aPGUSA
_beng
042 _adc
100 1 _aRoos, Mathilda,
_d1852-1908
245 1 0 _aKevät-ajoilta :
_bKuvaelmia lasten maailmasta
_h[electronic resource] /
_cMathilda Roos
260 _bProject Gutenberg,
_c2012
506 _aPublic domain in the USA.
516 _aElectronic text
700 1 _aAlopaeus, H.
830 0 _aProject Gutenberg
_v38924
856 4 0 _uhttp://www.gutenberg.org/ebooks/38924
942 _cEB
999 _c268177
_d268177